| 000 | 00517nab a2200193 4500 | ||
|---|---|---|---|
| 001 | 244442 | ||
| 003 | OSt | ||
| 005 | 20250910134404.0 | ||
| 007 | tu | ||
| 008 | 200917s2020||||||| | ||
| 040 |
_aDE-2950 _cDE-2950 |
||
| 245 | 0 | 0 |
_aOB-Kandidat Strasser schließt Zusammenarbeit mit AfD nicht aus _chk |
| 264 | _c2025 | ||
| 653 | _aFrankfurt (Oder) | ||
| 653 | _aOB Kandidat Strasser | ||
| 653 | _aAfD | ||
| 773 | 0 |
_g36. Jahrgang (2025) Nr. 209 vom 08.09.2025, S. 14 mit Foto _tMärkische Oderzeitung |
|
| 942 |
_2z _cA |
||
| 999 |
_c374006 _d374006 |
||